Statistics for Guess the 1960's Artists

Click here to take the quiz!

General Stats

  • This quiz has been taken 150 times
    (34 since last reset)
  • The average score is 55 of 100

Answer Stats

SongAnswer% Correct
Hey Jude (1968)The Beatles
100%
Space Oddity (1969)David Bowie
94%
Suspicious Minds (1969)Elvis Presley
94%
Ring of Fire (1963)Johnny Cash
94%
Brown Eyed Girl (1967)Van Morrison
94%
Respect (1967)Aretha Franklin
90%
Blowin' in the Wind (1963)Bob Dylan
90%
Purple Haze (1967)Jimi Hendrix
90%
Sweet Caroline (1969)Neil Diamond
90%
Sound of Silence (1966)Simon & Garfunkel
90%
California Dreamin' (1966)The Mamas and the Papas
90%
Gimmie Shelter (1969)The Rolling Stones
90%
Oh, Pretty Woman (1964)Roy Orbison
87%
House of the Rising Sun (1964)The Animals
87%
You Really Got Me (1964)The Kinks
87%
Daydream Believer (1968)The Monkees
87%
My Way (1969)Frank Sinatra
84%
I Heard It Through The Grapevine (1968)Marvin Gaye
84%
God Only Knows (1966)The Beach Boys
84%
Light My Fire (1967)The Doors
84%
Pinball Wizard (1969)The Who
84%
White Rabbit (1967)Jefferson Airplane
81%
(Sittin' On) the Dock of the Bay (1968)Otis Redding
81%
For What It's Worth (1966)Buffalo Springfield
77%
The Twist (1960)Chubby Checker
77%
Sunshine of Your Love (1967)Cream
77%
Fortunate Son (1969)Creedence Clearwater Revival
77%
You Can't Hurry Love (1966)Diana Ross & the Supremes
77%
Son of a Preacher Man (1969)Dusty Springfield
74%
Unchained Melody (1966)The Righteous Brothers
74%
Puff The Magic Dragon (1967)Peter, Paul & Mary
71%
I Got You Babe (1965)Sonny & Cher
71%
Happy Together (1967)The Turtles
71%
I Got You (I Feel Good) (1964)James Brown
68%
Hit The Road Jack (1961)Ray Charles
68%
Mr. Tambourine Man (1965)The Byrds
68%
Crazy (1961)Patsy Cline
65%
A Whiter Shade of Pale (1967)Procol Harum
65%
Nights in White Satin (1967)The Moody Blues
65%
My Girl (1965)The Temptations
65%
Time of the Season (1968)The Zombies
65%
Piece of My Heart (1968)Big Brother & the Holding Company
61%
Sugar Sugar (1969)The Archies
61%
Sherry (1962)The Four Seasons
61%
I Want You Back (1969)The Jackson 5
61%
The Thrill Is Gone (1969)B.B. King
58%
River Deep - Mountain High (1966)Ike & Tina Turner
58%
With a Little Help From My Friends (1969)Joe Cocker
58%
A Change Is Gonna Come (1964)Sam Cooke
58%
Tears of a Clown (1967)Smokey Robinson & the Miracles
58%
Cathy's Clown (1960)The Everly Brothers
58%
At Last (1961)Etta James
55%
Wichita Lineman (1968)Glen Campbell
55%
Magic Carpet Ride (1968)Steppenwolf
55%
Crimson and Clover (1969)Tommy James & the Shondells
55%
The Wanderer (1961)Dion
52%
Be My Baby (1964)The Ronettes
52%
Green Onions (1962)Booker T. & the MG's
48%
Baby I Need Your Loving (1965)Four Tops
48%
For Once In My Life (1968)Stevie Wonder
48%
Delilah (1968)Tom Jones
48%
In-A-Gadda-Da-Vida (1968)Iron Butterfly
45%
Everyday People (1969)Sly & the Family Stone
45%
The Weight (1968)The Band
45%
Louie Louie (1963)The Kingsmen
45%
I Wanna Be Your Dog (1969)The Stooges
45%
Good Times Bad Times (1969)Led Zeppelin
42%
Whipping Post (1969)The Allman Brothers Band
42%
Suzanne (1967)Leonard Cohen
39%
Sunday Morning (1967)The Velvet Underground
39%
Raindrops Keep Fallin' on My Head (1969)B.J. Thomas
35%
Runaway (1961)Del Shannon
35%
I'm Into Something Good (1966)Herman's Hermits
35%
21st Century Schizoid Man (1969)King Crimson
35%
Summer in the City (1966)The Lovin' Spoonful
35%
Going Up the Country (1968)Canned Heat
32%
Dear Mr. Fantasy (1967)Traffic
32%
In the Midnight Hour (1965)Wilson Pickett
32%
Spinning Wheel (1968)Blood, Sweat & Tears
29%
Itchycoo Park (1967)Small Faces
29%
Heart Full of Soul (1965)The Yardbirds
29%
Everybody Loves Somebody (1964)Dean Martin
26%
Season of the Witch (1966)Donovan
26%
Kick Out The Jams (1969)MC5
23%
Mama Tried (1968)Merle Haggard & the Strangers
23%
Feeling Good (1965)Nina Simone
23%
The Lion Sleeps Tonight (1961)Solomon Linda / The Tokens
23%
Spanish Flea (1966)Herb Alpert & the Tijuana Bass
19%
Alone Again Or (1967)Love
19%
The End of the World (1962)Skeeter Davis
19%
This Old Heart of Mine (1966)The Isley Brothers
19%
Helplessly Hoping (1969)Crosby, Stills & Nash
16%
I Get The Sweetest Feeling (1968)Jackie Wilson
16%
River Man (1969)Nick Drake
16%
Cymbaline (1969)Pink Floyd
16%
Good Lovin' (1966)The Rascals
16%
You're Gonna Miss Me (1966)13th Floor Elevators
10%
Come A Little Bit Closer (1964)Jay & The Americans
10%
Walk, Don't Run (1960)The Ventures
10%
Do You Want To Dance? (1967)Johnny Rivers
6%

Score Distribution

Percentile by Number Answered

Percent of People with Each Score

Your Score History

You have not taken this quiz since the last reset